LEADER 02955nam 2200565 a 450 001 9910460091303321 005 20200520144314.0 010 $a1-283-03134-5 010 $a9786613031341 010 $a0-8203-4022-7 035 $a(CKB)2670000000080194 035 $a(EBL)3038943 035 $a(SSID)ssj0000468032 035 $a(PQKBManifestationID)11324856 035 $a(PQKBTitleCode)TC0000468032 035 $a(PQKBWorkID)10497388 035 $a(PQKB)10493492 035 $a(MiAaPQ)EBC3038943 035 $a(OCoLC)706077286 035 $a(MdBmJHUP)muse14661 035 $a(Au-PeEL)EBL3038943 035 $a(CaPaEBR)ebr10453781 035 $a(EXLCZ)992670000000080194 100 $a19940524d1995 ub 0 101 0 $aeng 135 $aur|||||||nn|n 181 $ctxt 182 $cc 183 $acr 200 00$aCornerstones of Georgia history$b[electronic resource] $edocuments that formed the state /$fedited by Thomas A. Scott 210 $aAthens [Ga.] $cUniversity of Georgia Press$dc1995 215 $a1 online resource (280 p.) 300 $aDescription based upon print version of record. 311 $a0-8203-1743-8 311 $a0-8203-1706-3 320 $aIncludes bibliographical references and index. 327 $a""Contents""; ""Preface""; ""Acknowledgments""; ""1. Spain and the Native Americans: The Guale Revolt, 1597""; ""2. Cherokees and Creeks: Traditional Cultures and the Anglo-Saxon Encounter""; ""3. Trustees and Malcontents: The Colonial Controversy over Slavery and Georgia's Future""; ""4. Patriots and Loyalists: Georgia on the Eve of the Revolution""; ""5. The State of Georgia and the Cherokees: The Debate over Indian Removal""; ""6. Slavery in Antebellum Georgia""; ""7. Secessionists and Cooperationists: The Decision to Leave the Union"" 327 $a""8. The Federal Occupation of Georgia, 1864: Perspectives of North Georgia Women""""9. Reconstruction in Georgia""; ""10. Postwar Poverty: Fault of the North or the South?""; ""11. ""Jim Crow"" Georgia and Its Leaders, Black and White""; ""12. The Leo Frank Case""; ""13. Georgia's Rejection of Woman Suffrage""; ""14. Crisis in Agriculture: The Great Migration, Boll Weevil Invasion, and Great Depression""; ""15. Moving toward the Mainstream: Georgia in the 1940's""; ""16. The Integration of Public Schools and Colleges"" 327 $a""17. The Rise of a Future President: The Gubernatorial Inauguration of Jimmy Carter""""18. Economic Development and Quality of Life: The Debate over a Hazardous Waste Facility for Taylor County""; ""Appendix: Questions to Consider""; ""Index""; 607 $aGeorgia$xHistory$vSources 608 $aElectronic books. 676 $a975.8 701 $aScott$b Thomas Allan$0935015 801 0$bMiAaPQ 801 1$bMiAaPQ 801 2$bMiAaPQ 906 $aBOOK 912 $a9910460091303321 996 $aCornerstones of Georgia history$92105659 997 $aUNINA LEADER 01132nam a2200253 i 4500 001 991001358359707536 005 20020502191247.0 008 980220s1997 it ||| | ita 020 $a8879462237 035 $ab11501315-39ule_inst 035 $aPRUMB59530$9ExL 040 $aScuola per assistenti sociali$bita 100 1 $aPelligra, Vittorio$0140480 245 12$aI nuovi eroi :$bvita, scienza e politica dei cerebrolesi e delle loro famiglie :$bAtti del Convegno nazionale dell'A.B.C. Associazione Bambini Cerebrolesi Sardegna :$bCagliari, 8-9 novembre 1996 /$ca cura di Vittorio Pelligra e Marco Espa 260 $aTrento :$bErickson,$c1997 300 $a303 p. ;$c21 cm. 500 $aL'Associazione Bambini Cerebrolesi Sardegna è stata riconosciuta come associazione di volontariato. 700 1 $aEspa, Marco 907 $a.b11501315$b02-04-14$c01-07-02 912 $a991001358359707536 945 $aLE024 SS/A II 36$g1$i2024000006181$lle021$nex DUSS$o-$pE0.00$q-$rl$s- $t0$u0$v0$w0$x0$y.i11694658$z01-07-02 996 $aNuovi eroi$9813254 997 $aUNISALENTO 998 $ale021$b01-01-98$cm$da $e-$fita$git $h2$i1 LEADER 05648nam 22007095 450 001 9910863190303321 005 20250609110627.0 010 $a9783030540548 010 $a3030540545 024 7 $a10.1007/978-3-030-54054-8 035 $a(CKB)4100000011406759 035 $a(MiAaPQ)EBC6322018 035 $a(DE-He213)978-3-030-54054-8 035 $a(Perlego)3481701 035 $a(MiAaPQ)EBC6321979 035 $a(EXLCZ)994100000011406759 100 $a20200829d2020 u| 0 101 0 $aeng 135 $aurcnu|||||||| 181 $ctxt$2rdacontent 182 $cc$2rdamedia 183 $acr$2rdacarrier 200 10$aCountering Cyber Threats to Financial Institutions $eA Private and Public Partnership Approach to Critical Infrastructure Protection /$fby Pierre-Luc Pomerleau, David L. Lowery 205 $a1st ed. 2020. 210 $cSpringer International Publishing$d2020 210 1$aCham :$cSpringer International Publishing :$cImprint: Palgrave Macmillan,$d2020. 215 $a1 online resource (237 pages) 311 08$a9783030540531 311 08$a3030540537 327 $aChapter 1: Contemporary Cybersecurity in Our Daily Lives -- Chapter 2: Relevance of Evidence Based Cybersecurity in Guiding the Financial Sector's & Efforts in Fighting Cybercrime -- Chapter 3: The Evolution of Cybersecurity within the American Financial Sector -- Chapter 4: The Evolution of the Threats to Canadian Financial Institutions, the Actual State of Public and Private Partnerships in Canada -- Chapter 5: Major Themes in the Literature of Cybersecurity and Public-Private Partnerships; A Focus on Financial Institutions -- Chapter 6: Research Findings; Contemporary Perceptions of Canadian Security Professionals Regarding the Challenges in Sharing Information with the Public Sector -- Chapter 7: Conclusions and Implications for Practice and Future Studies on Public-Private Partnerships. 330 $a"In this highly informative book, the authors deploy rich empirical qualitative data from the financial industry to highlight the many hurdles that prevent public-private partnerships from realising their full potential, and offer insightful practical recommendations on how to remedy that situation." -Benoît Dupont, Professor of Criminology, University of Montreal, Canada, and Canada Research Chair in Cybersecurity "Cybersecurity is an immensely complex field, and public-private partnerships in the financial sector are at the very core of this complexity. This book provides rich insights into these partnerships, their internal dynamics, and tensions, appealing to those specialising in cybersecurity, public-private partnerships, security networks, and security governance." -Chad Whelan, Associate Professor in Criminology, Deakin University, Australia "This book offers a significant blueprint for would-be cybersecurity heroes in a business where there can be no 'second place' finishers!" -Brigadier General Stanley J. Osserman, Jr., US Air Force (Retired) Exploring the negative social impact of cyber-attacks, this book takes a closer look at the challenges faced by both the public and private sectors of the financial industry. It is widely known amongst senior executives in both sectors that cybercrime poses a real threat, however effective collaboration between individual financial institutions and the public sector into detecting, monitoring and responding to cyber-attacks remains limited. Addressing this problem, the authors present the results from a series of interviews with cybersecurity professionals based in Canada in order to better understand the potential risks and threats that financial institutions are facing in the digital age. Offering policy recommendations for improving cybersecurity protection measures within financial institutions, and enhancing the sharing of information between the public and private sector, this book is a timely and invaluable read for those researching financial services, cybercrime and risk management, as well as finance professionals interested in cybersecurity. Dr. Pierre-Luc Pomerleau is a financial crime executive with over 15 years of experience with three large Canadian financial institutions, and an adjunct professor in the Cybersecurity program at Polytechnique Montreal, Canada. Dr. David L. Lowery is a retired U.S. Air Force lieutenant colonel (cyberspace operations officer) and a three-time unit commander now serving as Professor of Homeland Security at Northcentral University, USA. 606 $aFinancial risk management 606 $aFinancial services industry 606 $aComputer crimes 606 $aFinancial engineering 606 $aFinance, Public 606 $aRisk Management 606 $aFinancial Services 606 $aCybercrime 606 $aFinancial Engineering 606 $aPublic Finance 615 0$aFinancial risk management. 615 0$aFinancial services industry. 615 0$aComputer crimes. 615 0$aFinancial engineering. 615 0$aFinance, Public. 615 14$aRisk Management. 615 24$aFinancial Services. 615 24$aCybercrime. 615 24$aFinancial Engineering. 615 24$aPublic Finance. 676 $a332.10684 676 $a332 700 $aPomerleau$b Pierre-Luc$4aut$4http://id.loc.gov/vocabulary/relators/aut$01740894 702 $aLowery$b David L$4aut$4http://id.loc.gov/vocabulary/relators/aut 801 0$bMiAaPQ 801 1$bMiAaPQ 801 2$bMiAaPQ 906 $aBOOK 912 $a9910863190303321 996 $aCountering Cyber Threats to Financial Institutions$94166789 997 $aUNINA